000
00307nam a22001217a 4500
999
_c
27680
_d
27680
008
250224b ||||| |||| 00| 0 eng d
082
0
0
_a
910.4
_b
M322
245
1
0
_a
Road atlas of India
_c
Maps and agencies
260
_a
[S.l.] :
_b
Maps and agencies,
_c
n.d.
300
_a
24 p.
650
0
_a
Travels
942
_c
BK